000 01169nam a22003497a 4500
001 0000913
003 KOHA_MİRAKIL
005 20260207001223.0
007 ta
008 081212b1988 tu |||gr||||#||||0|tur |
020 _a9754860556
_q(Tak.)
040 _aTR-BiSEU
_btur
_cTR-BiSEU
_erda
041 0 _atur
044 _ctu
050 _aTK2181
_b.B63 1988
100 1 _aBoduroğlu, Turgut.
245 1 _aElektrik makinaları dersleri :
_b(teori, hesap ve konstrüksiyon)/
_cTurgut Boduroğlu ; Turgut Boduroğlu.
250 _a4.bs.
264 1 _aİstanbul :
_bBeta
_c1988
300 _a4 c.
336 _ametin
_btxt
_2rdacontent
337 _aaracısız
_bn
_2rdamedia
338 _acilt
_bnc
_2rdacarrier
490 1 _aBeta Yayınları ;
_vNo.167.
490 1 _aTeknik Dizi ;
_vNo.3
500 _aİçindekiler : c.2.1- Döner alternatif akım makinalarına giriş. -- c.2.2- Asenkron makinalar (Teorik bilgi) c.4- ;Doğru akım makinaları.(Teorik bilgi).
650 0 _aElektrik makineleri.
_92670
650 0 _aElectric machinery.
_93359
830 1 _aBeta Yayınları ;
_vNo.167.
_93499
830 1 _aTeknik Dizi ;
_vNo.3
_93500
942 _2lcc
_cBK
999 _c908
_d908